000 00667cam a2200217 4500
001 WS105139
008 000000n 000 0 eng u
035 _a(Sirsi) u105139
245 _aNational Real Estate Investor
520 _aElectronic version of the American real estate journal including a searchable archive back to August 1996.
650 _aOFFICES
650 _aINDUSTRIAL
650 _aRETAIL
650 _aLEISURE
650 _aUSA
650 _aJOURNALS
650 _aINTERNATIONAL
690 _aPROPERTY-COMMERCIAL PROPERTY
856 4 0 _uhttps://www.nreionline.com/
_zView the website free of charge at www.nreionline.com/...
942 _n0
999 _c119471
_d119471